| 000 | 00797nam a2200229Ia 4500 | ||
|---|---|---|---|
| 003 | OSt | ||
| 005 | 20251120164134.0 | ||
| 008 | 220923b |||||||| |||| 00| 0 eng d | ||
| 020 | _a0700711015 | ||
| 037 | _cGeneral Book | ||
| 040 |
_aRTL _cRTL _beng |
||
| 041 |
_2eng _aeng |
||
| 084 |
_aY:3(Q).21.N9, P0 _qRTL |
||
| 245 | 0 |
_aReligion and public culture: encounters and identities in Modern South Indian _b |
|
| 260 |
_aSurrey _bCurzon Press _c1998 |
||
| 300 |
_axii,260 p. _bIncludes bibliographical references and index. |
||
| 650 |
_aReligion and Sociology _9193963 |
||
| 700 |
_aYandell, Keith E. _9337166 _eEditor |
||
| 700 |
_aPaul, John J. _eEditor _9852741 |
||
| 942 |
_hY:3(Q).21.N9, P0 _cGB _2CC _n0 |
||
| 999 |
_c654269 _d654269 |
||